000 01045 a2200349 04500
001 714765
003 PE-LiUPU
005 20250731173557.0
008 991231s 2010idu eng d
020 _a9780816324118
040 _aPE-LiUPU
_bspa
_cPE-LiUPU
_erda
082 0 4 _a253
_bC922c
_223
100 1 _aCress, James A.
_eautor
245 1 0 _aCommon sense ministry multiplied /
_cJames A. Cress
264 _aNampa, Idaho :
_bPacific Press Publishing Association,
_c2010
300 _a125 páginas ;
_c23 centímetros.
505 _aReaching up -- Reaching hearts and minds -- Reaching out -- Reaching in -- Reaching together.
526 _aSEG42
526 _aSEG41
526 _aSEG40
526 _aSEG39
526 _aP94
526 _aP87
526 _aP86
526 _aP85
526 _aP77
526 _aP76
526 _aP35
650 1 4 _aTeología pastoral
_91381
942 _cBK
_2ddc
_n0
999 _c61717
_d61717
980 _618226
_aJaime Vilcazán Jefe de Análisis Documental
_81
_gALBERTO SANCHEZ Responsable de Automatización